Thomas (Record no. 298419)

MARC details
000 -LEADER
fixed length control field 00437nam a2200169Ia 4500
008 - FIXED-LENGTH DATA ELEMENTS--GENERAL INFORMATION
fixed length control field 191130s2000##################000#0#eng##
020 ## - INTERNATIONAL STANDARD BOOK NUMBER
ISBN 9780340788677
Paper back/Hardbound pbk
041 ## - LANGUAGE CODE
Language code of text/sound track or separate title eng
082 ## - DEWEY DECIMAL CLASSIFICATION NUMBER
Classification number 823.914 JAR
100 ## - MAIN ENTRY--AUTHOR NAME
Personal name Jarvis, Robin
245 ## - TITLE STATEMENT
Title Thomas
Statement of responsibility, etc Robin Jarvis
260 ## - PUBLICATION, DISTRIBUTION, ETC. (IMPRINT)
Place of publication London
Name of publisher Hodder Children’s Books
Year of publication 2000
300 ## - PHYSICAL DESCRIPTION
Number of Pages xiii, 490 p. : ill. ; 20 cm
650 ## - SUBJECT ADDED ENTRY--TOPICAL TERM
Topical Term Fantasy
942 ## - ADDED ENTRY ELEMENTS (KOHA)
Koha item type English Books
Holdings
Withdrawn status Lost status Damaged status Not for loan Home library Current library Shelving location Date acquired Full call number Accession Number Price effective from Koha item type
        Anna Centenary Library Anna Centenary Library 4TH FLOOR, B WING 15.10.2020 823.914 JAR 508469 15.10.2020 English Books

Find us on the map